000
00275nam a22001217a 4500
020
_a
0-668-02340-6
082
_a
623.74 PER'F
100
_a
PERETT, B
_9
78100
245
_a
FIGHTING VEHICLES OF THE RED ARMY
260
_a
NEWYORK
_b
ARCO
_c
1969
300
_a
104P
942
_c
BK
999
_c
583252
_d
583252